RICS approved minimum wording (Record no. 122123)

MARC details
000 -LEADER
fixed length control field 02365nam a22002297a 4500
005 - DATE AND TIME OF LATEST TRANSACTION
control field 20250709111223.0
008 - FIXED-LENGTH DATA ELEMENTS--GENERAL INFORMATION
fixed length control field 250325t2025 xxk|||||o|||| 00| 0 eng d
041 ## - LANGUAGE CODE
Language code of text/sound track or separate title eng
110 ## - MAIN ENTRY--CORPORATE NAME
Corporate author Royal Institution of Chartered Surveyors
245 ## - TITLE STATEMENT
Title RICS approved minimum wording
Medium [Electronic resource]
260 ## - PUBLICATION INFORMATION
Place of publication London,
Publisher Royal Institution of Chartered Surveyors,
Date 2025
520 ## - ABSTRACT
Abstract RICS requires that all regulated firms hold ‘adequate and appropriate’ professional indemnity insurance (PII) as a protection for the clients they serve. In the UK and Republic of Ireland, the RICS Standards and Regulation Board (SRB) requires regulated firms to hold PII that meets the Minimum Policy Wording.<br/><br/>These are not always updated every year. Dates effective 1st of April every year unless otherwise noted and are in force until replaced with a new one.<br/><br/><br/>| 2011 = 1 April 2011 to 31 March 2015<br/>| -<br/>| 2015 = 1 April 2015 to 31 March 2016<br/>| -<br/>| 2016 = 1 August 2016 to 31 March 2019<br/>| -<br/>| 2019 = 1 April 2019 to 31 March 2020<br/>| -<br/>| 2020 = 1 April 2020 to 31 March 2021<br/>| -<br/>| 2021 = 1 April 2021 to 31 March 2022<br/>| -<br/>| 2022 = 1 April 2022 to 31 March 2023<br/>| -<br/>| 2023 = 1 April 2023 to 30 June 2024<br/>| -<br/>| 2024 = 1 July 2024 to 30 June 2025<br/>| -<br/>| consultation issued Feb 2025 for new wording<br/>| -<br/>| 2025 = 1 July 2025 to current<br/>
650 ## - KEYWORDS
Keywords PROFESSIONAL INDEMNITY INSURANCE
651 ## - SUBJECT ADDED ENTRY--GEOGRAPHIC NAME
Geographic name United Kingdom
710 ## - ADDED CORPORATE NAME
Added corporate author Royal Institution of Chartered Surveyors
856 ## - ONLINE RESOURCE
Uniform Resource Identifier <a href="https://www.rics.org/regulation/regulatory-compliance/professional-indemnity/pii-in-the-uk">https://www.rics.org/regulation/regulatory-compliance/professional-indemnity/pii-in-the-uk</a>
Public note RICS PII overview page
856 ## - ONLINE RESOURCE
Uniform Resource Identifier <a href="https://www.rics.org/content/dam/ricsglobal/documents/regulation/2024-RICS-Approved-Minimum-Wording-UK.pdf">https://www.rics.org/content/dam/ricsglobal/documents/regulation/2024-RICS-Approved-Minimum-Wording-UK.pdf</a>
Public note 2024 RICS Approved Minimum wording policy
856 ## - ONLINE RESOURCE
Uniform Resource Identifier <a href="https://www.rics.org/content/dam/ricsglobal/documents/regulation/RICS-Professional-indemnity-insurance-requirements_UK-and-Republic-of-Ireland_020725.pdf">https://www.rics.org/content/dam/ricsglobal/documents/regulation/RICS-Professional-indemnity-insurance-requirements_UK-and-Republic-of-Ireland_020725.pdf</a>
Public note 2025 RICS Approved Minimum wording policy
856 ## - ONLINE RESOURCE
Uniform Resource Identifier <a href="https://www.rics.org/profession-standards/knowledge-and-information-services/document-delivery-and-other-kis-fees">https://www.rics.org/profession-standards/knowledge-and-information-services/document-delivery-and-other-kis-fees</a>
Public note Contact [email protected] for archived copies
856 ## - ONLINE RESOURCE
Uniform Resource Identifier <a href="https://consultations.rics.org/gf2.ti/f/1720514/239398757.1/PDF/-/PII%20consultation%20February%202025_Final.pdf">https://consultations.rics.org/gf2.ti/f/1720514/239398757.1/PDF/-/PII%20consultation%20February%202025_Final.pdf</a>
Public note View the 2025 consultation document for new wording
942 ## - ADDED ENTRY ELEMENTS (KOHA)
Suppress in OPAC Do not suppress in OPAC
Holdings
Lost status Damaged status Not for loan Current library Shelving location Date acquired Total Checkouts Full call number Date last seen Price effective from Koha item type
      Virtual Online 18/03/2025   ONLINE PUBLICATION 18/03/2025 18/03/2025 Online material